|
|
|
|
| LEADER |
01000cam a2200265 c 4500 |
| 001 |
593401271 |
| 003 |
DE-627 |
| 005 |
20251223220820.0 |
| 007 |
tu |
| 008 |
090310s2009 fr ||||| 00| ||fre c |
| 020 |
|
|
|a 9782753506572
|c : 16.00 EUR
|9 978-2-7535-0657-2
|
| 035 |
|
|
|a (DE-627)593401271
|
| 035 |
|
|
|a (DE-599)GBV593401271
|
| 035 |
|
|
|a (OCoLC)1240486192
|
| 040 |
|
|
|a DE-627
|b ger
|c DE-627
|e rakwb
|
| 041 |
|
|
|a fre
|
| 044 |
|
|
|c XA-FR
|
| 050 |
|
0 |
|a D
|
| 082 |
0 |
|
|a 940
|2 21
|
| 084 |
|
|
|a 8,2
|2 ssgn
|
| 100 |
1 |
|
|a Soria Audebert, Myriam
|e verfasserin
|4 aut
|
| 245 |
1 |
0 |
|a Pouvoirs, Église, société
|b conflits d'intérêts et convergence sacrée ; (IXe-XIe siècle)
|c Myriam Soria Audebert ; Cécile Treffort
|
| 264 |
|
1 |
|a Rennes
|b Presses Universitaires de Rennes
|c 2009
|
| 300 |
|
|
|a 223 S.
|c 24 cm
|
| 336 |
|
|
|a Text
|b txt
|2 rdacontent
|
| 337 |
|
|
|a ohne Hilfsmittel zu benutzen
|b n
|2 rdamedia
|
| 338 |
|
|
|a Band
|b nc
|2 rdacarrier
|
| 490 |
0 |
|
|a Histoire
|
| 600 |
1 |
4 |
|a Gregory <VII, Pope, ca. 1015-1085>
|
| 610 |
2 |
4 |
|a Catholic Church
|x France
|x History
|x To 1500
|
| 650 |
|
4 |
|a Carolingians
|
| 650 |
|
4 |
|a Church and state
|x France
|x History
|x To 1500
|
| 650 |
|
4 |
|a Church history
|x Middle Ages, 600-1500
|
| 650 |
|
4 |
|a Civilization, Medieval
|
| 651 |
|
4 |
|a France
|x History
|x Capetians, 987-1328
|
| 651 |
|
4 |
|a France
|x History
|x To 987
|
| 689 |
0 |
0 |
|D g
|0 (DE-588)4071332-5
|0 (DE-627)106098217
|0 (DE-576)209183357
|a Fränkisches Reich
|2 gnd
|
| 689 |
0 |
1 |
|D s
|0 (DE-588)4000464-8
|0 (DE-627)106401114
|0 (DE-576)208838163
|a Adel
|2 gnd
|
| 689 |
0 |
2 |
|D s
|0 (DE-588)4123438-8
|0 (DE-627)104180722
|0 (DE-576)20955973X
|a Interessenkonflikt
|2 gnd
|
| 689 |
0 |
3 |
|D s
|0 (DE-588)4036824-5
|0 (DE-627)104637269
|0 (DE-576)209020679
|a Macht
|2 gnd
|
| 689 |
0 |
4 |
|D b
|0 (DE-588)2009545-4
|0 (DE-627)101659261
|0 (DE-576)191644501
|a Katholische Kirche
|2 gnd
|
| 689 |
0 |
5 |
|A z
|2 gnd
|a Geschichte 800-1100
|
| 689 |
0 |
|
|5 (DE-627)
|
| 689 |
1 |
0 |
|D g
|0 (DE-588)4071332-5
|0 (DE-627)106098217
|0 (DE-576)209183357
|a Fränkisches Reich
|2 gnd
|
| 689 |
1 |
1 |
|D s
|0 (DE-588)4673296-2
|0 (DE-627)34253758X
|0 (DE-576)214906302
|a Weltliche Macht
|2 gnd
|
| 689 |
1 |
2 |
|D s
|0 (DE-588)4163901-7
|0 (DE-627)105451371
|0 (DE-576)209884630
|a Kirchengewalt
|2 gnd
|
| 689 |
1 |
3 |
|D s
|0 (DE-588)4158127-1
|0 (DE-627)105495433
|0 (DE-576)209839848
|a Gregorianische Reform
|2 gnd
|
| 689 |
1 |
4 |
|A z
|2 gnd
|a Geschichte 800-1100
|
| 689 |
1 |
|
|5 (DE-627)
|
| 700 |
1 |
|
|a Treffort, Cécile
|0 (DE-588)134291174
|0 (DE-627)566667355
|0 (DE-576)176821775
|4 oth
|
| 856 |
4 |
2 |
|u https://external.dandelon.com/download/attachments/dandelon/ids/DE005FA8676C78A721B37C12576010023C5C9.pdf
|m V:DE-601
|m X:AGI
|q pdf/application
|v 2018-06-29
|x Verlag
|3 Inhaltsverzeichnis
|
| 912 |
|
|
|a GBV_ILN_350
|
| 912 |
|
|
|a ISIL_DE-2795
|
| 912 |
|
|
|a SYSFLAG_1
|
| 912 |
|
|
|a GBV_KXP
|
| 912 |
|
|
|a GBV_ILN_350_
|
| 951 |
|
|
|a BO
|
| 953 |
|
|
|2 045F
|a 940
|u https://www.gbv.de/dms/ddc/940.pdf
|
| 980 |
|
|
|2 350
|1 01
|x 8293
|b 946576068
|c 00
|f MAG3
|d Bb 1031
|e i
|j --%%--
|y z
|z 03-09-09
|
| 984 |
|
|
|2 350
|1 01
|x 8293
|a 9782753506572
|
| 985 |
|
|
|2 350
|1 01
|x 8293
|a 2009/1674
|